JEE Advanced Chemistry Organic Chemistry-II: (Record no. 184018)
[ view plain ]
| 000 -LEADER | |
|---|---|
| fixed length control field | 00563nam a22001817a 4500 |
| 005 - DATE AND TIME OF LATEST TRANSACTION | |
| control field | 20220110161943.0 |
| 010 ## - LCCN (DPL NO) | |
| LC control number | ENG-131063 |
| 020 ## - INTERNATIONAL STANDARD BOOK NUMBER | |
| International Standard Book Number | 978-93-539-4358-5 |
| Terms of availability | 910.00 |
| 035 ## - SYSTEM CONTROL NUMBER | |
| System control number | EN-114595 |
| 037 ## - SOURCE OF ACQUISITION | |
| Source of stock number/acquisition | DBAD |
| 082 ## - DEWEY DECIMAL CLASSIFICATION NUMBER | |
| Classification number | 547 |
| 100 ## - MAIN ENTRY--PERSONAL NAME | |
| Personal name | Ganguly, Ananya |
| 245 ## - TITLE STATEMENT | |
| Title | JEE Advanced Chemistry Organic Chemistry-II: |
| Statement of responsibility, etc | Ananya Ganguly |
| 260 ## - PUBLICATION, DISTRIBUTION, ETC. (IMPRINT) | |
| Place of publication, distribution, etc | New Delhi |
| Name of publisher, distributor, etc | S Chand School Books |
| Date of publication, distribution, etc | 2013 |
| 270 ## - ADDRESS | |
| City | New Delhi |
| Address | A-27, 2nd Floor, Mohan Co-operative Industrial Estate |
| Postal code | 110044 |
| 300 ## - PHYSICAL DESCRIPTION | |
| Extent | 1868p. |
| Dimensions | 25cm(pbk) |
| 942 ## - ADDED ENTRY ELEMENTS (KOHA) | |
| Source of classification or shelving scheme | Dewey Decimal Classification |
| Item type | English Books |
| Classification part | 547 |
| Call number suffix | GAN |
| Withdrawn status | Lost status | Not for loan | Collection code | Home library | Current library | Date acquired | Source of acquisition | Cost, normal purchase price | Full call number | Barcode | Copy number | Cost, replacement price | Koha item type |
|---|---|---|---|---|---|---|---|---|---|---|---|---|---|
| Non-fiction | Ashok Vihar | Ashok Vihar | 10/01/2022 | DBAD/PUB | 910.00 | 547 GAN | EN-114595 | 1 | 910.00 | English Books |
